000
00339nam a2200145Ia 4500
005
20251222141903.0
008
251222s9999||||xx |||||||||||||| ||spa||
020
_a
84-414-0744-X
082
_a
372.41/D88
100
_a
Doman, Glenn J.
245
0
_a
Cómo Enseñar a Leer a su Bebé:
250
_a
2a.ed.
264
_b
Edaf
942
_c
LIB
999
_c
8113
_d
8113